000 00628cam a2200181 i 4500
005 20251119112559.0
008 250721s1990 le gr 000 0 ara d
082 1 4 _a210.437
_bع ل ي
100 1 _aمدكور، علي أحمد
_eمؤلف.
245 1 0 _aمنهج التربية في التصور الإسلامي /
_cالدكتور علي أحمد مدكور.
264 3 1 _aبيروت :
_bدار النهضة العربية،
_c1990.
300 _a543 صفحة.
650 1 7 _aالإسلام.
650 1 7 _aالتربية.
650 1 7 _aالتربية الإسلامية.
942 _2ddc
_cBK
999 _c1471
_d1471